Libraries, Archives and Museums As Democratic Spaces in a Digital Age.

This new series presents and discusses new and innovative approaches used by professionals in library and information practice worldwide. The authors are chosen to provide critical analysis of issues and to present solutions to selected challenges in libraries and related fields, including informati...

Full description

Bibliographic Details
Main Author: Audunson, Ragnar.
Other Authors: Andresen, Herbjø., Fagerlid, Cicilie., Henningsen, Erik., Hobohm, Hans-Christoph., Jochumsen, Henrik., Larsen, Håkon., Vold, Tonje.
Format: eBook
Language:English
Published: Berlin/Boston : Walter de Gruyter GmbH, 2020.
Edition:1st ed.
Series:Current Topics in Library and Information Practice Series
Subjects:
Online Access:Click to View
LEADER 02402nam a22004693i 4500
001 EBC7015022
003 MiAaPQ
005 20231204023225.0
006 m o d |
007 cr cnu||||||||
008 231204s2020 xx o ||||0 eng d
020 |a 9783110636628  |q (electronic bk.) 
035 |a (MiAaPQ)EBC7015022 
035 |a (Au-PeEL)EBL7015022 
035 |a (OCoLC)1330934493 
040 |a MiAaPQ  |b eng  |e rda  |e pn  |c MiAaPQ  |d MiAaPQ 
082 0 |a 021.2 
100 1 |a Audunson, Ragnar. 
245 1 0 |a Libraries, Archives and Museums As Democratic Spaces in a Digital Age. 
250 |a 1st ed. 
264 1 |a Berlin/Boston :  |b Walter de Gruyter GmbH,  |c 2020. 
264 4 |c ©2020. 
300 |a 1 online resource (378 pages) 
336 |a text  |b txt  |2 rdacontent 
337 |a computer  |b c  |2 rdamedia 
338 |a online resource  |b cr  |2 rdacarrier 
490 1 |a Current Topics in Library and Information Practice Series 
520 |a This new series presents and discusses new and innovative approaches used by professionals in library and information practice worldwide. The authors are chosen to provide critical analysis of issues and to present solutions to selected challenges in libraries and related fields, including information management and industry, and education of information professionals. The book series strives to present practical solutions that can be applied in institutions worldwide. It thereby contributes significantly to improvements in the field. 
588 |a Description based on publisher supplied metadata and other sources. 
590 |a Electronic reproduction. Ann Arbor, Michigan : ProQuest Ebook Central, 2023. Available via World Wide Web. Access may be limited to ProQuest Ebook Central affiliated libraries.  
655 4 |a Electronic books. 
700 1 |a Andresen, Herbjø. 
700 1 |a Fagerlid, Cicilie. 
700 1 |a Henningsen, Erik. 
700 1 |a Hobohm, Hans-Christoph. 
700 1 |a Jochumsen, Henrik. 
700 1 |a Larsen, Håkon. 
700 1 |a Vold, Tonje. 
776 0 8 |i Print version:  |a Audunson, Ragnar  |t Libraries, Archives and Museums As Democratic Spaces in a Digital Age  |d Berlin/Boston : Walter de Gruyter GmbH,c2020 
797 2 |a ProQuest (Firm) 
830 0 |a Current Topics in Library and Information Practice Series 
856 4 0 |u https://ebookcentral.proquest.com/lib/matrademy/detail.action?docID=7015022  |z Click to View